IFM Opac

Foreign Investment and International Law. (Record no. 16413)

MARC details
000 -LEADER
fixed length control field 00356nam a22001337a 4500
020 ## - INTERNATIONAL STANDARD BOOK NUMBER
International Standard Book Number 420421203
082 ## - DEWEY DECIMAL CLASSIFICATION NUMBER
Classification number 341.752SCH.
100 ## - MAIN ENTRY--PERSONAL NAME
Personal name Georg Schwarzenberger.
245 ## - TITLE STATEMENT
Title Foreign Investment and International Law.
260 ## - PUBLICATION, DISTRIBUTION, ETC.
Place of publication, distribution, etc. London
Name of publisher, distributor, etc. Stevens and Sons.
Date of publication, distribution, etc. 1969.
300 ## - PHYSICAL DESCRIPTION
Extent xx, 237p.
Other physical details 24cm.
500 ## - GENERAL NOTE
General note Includes bibliography and index.
942 ## - ADDED ENTRY ELEMENTS (KOHA)
Koha item type Books
Holdings
Withdrawn status Lost status Source of classification or shelving scheme Damaged status Not for loan Home library Current library Shelving location Date acquired Full call number Barcode Date last seen Price effective from Koha item type
    Dewey Decimal Classification     IFM Main Campus Library IFM Main Campus Library   09/09/2016 341.752SCH. 0000008482 09/09/2016 09/09/2016 Books